Nezabudnuteľný Dnes by slávil sedemdesiatiny Ctibor Filčík

Bibliographic Details
Main Author: Čavojský, Ladislav, 1932-2014 (Author)
Format: Article
Language:Slovak
Subjects:

MARC

LEADER 00000nab a2200000 a 4500
001 vtls000390039
003 SK-MaSNL
005 20260302232538.0
008 111202c1990 xo 0 slo
015 |a SNBRB19rr/mm-uuuuu 
035 |a CL0390163 
040 |a SNKBUCL  |b slo  |c SNKBUCL  |e AACR2 
041 0 |a slo 
044 |a xo  |c SK 
080 |a 792.071.2  |2 1981 
080 |a 791.44.071.2  |2 1981 
080 |a 929 Filčík, Ctibor  |2 1981 
100 1 |a Čavojský, Ladislav,  |d 1932-2014  |4 aut  |9 101804 
245 1 0 |a Nezabudnuteľný  |b Dnes by slávil sedemdesiatiny Ctibor Filčík  |c Ladislav Čavojský 
600 1 7 |a Filčík, Ctibor,  |d 1920-1986  |2 snkbucl  |9 118866 
655 7 |a články z novín a časopisov  |2 snkbucl  |9 267496 
773 0 |t Práca  |g Roč. 45, č. 190 (15. 8. 1990), s. 6 
850 |a Slovenská národná knižnica v Martine  |a MTA001 
852 |a SNK  |b KIS3GCP 
958 |a BX 
992 |a RBX 
999 |c 1543436  |d 1545366